| 000 | 00629cam a2200241 4500 | ||
|---|---|---|---|
| 008 | 090401t1974 xxu||||| |||| 00| 0 eng d | ||
| 020 | _a0117216046 | ||
| 035 | _a(Sirsi) u28545 | ||
| 041 | _aeng | ||
| 050 | _a690 | ||
| 110 | _aBuilding Research Establishment | ||
| 245 | _aReinforced plastics cladding panels. | ||
| 260 |
_aGarston, Watford _bBRE _c1974 |
||
| 300 | _a8p.; ill.; 30cm. | ||
| 350 | _a0 | ||
| 490 |
_aBRE Digest _v161 |
||
| 650 | _aCLADDING | ||
| 650 | _aGLASS FIBRE REINFORCED PLASTIC | ||
| 650 | _aPLASTICS | ||
| 690 | _aBUILT ENVIRONMENT-BUILDING MATERIALS | ||
| 942 | _n0 | ||
| 948 | _c04/03/1997 | ||
| 999 |
_c89292 _d89292 |
||